Random Trivia Word Chain Game - Statistics

General Stats
  • This quiz has been taken 39 times
  • The average score is 10 of 15
Answer Stats
Hint Answer % Correct
First Element Of The Periodic Table Hydrogen
100%
Largest City in The United States New York City
88%
Longest River in Asia Yangtze
85%
Capital City of Algeria Algiers
65%
Name Given To The Two Days Where Day and Night Are Equal Length Equinox
65%
Fear of Strangers or New People Xenophobia
65%
Object Causing The Sinkage of The Titanic in 1912 Iceberg
62%
Apple Web Browser Also Meaning 'African Wildlife Trip' in Swahili Safari
62%
Word That Precedes Planet To Describe Pluto Dwarf
54%
Name of Wallace's Faithful Dog In The Animated Series Gromit
54%
Popular Toy Taking It's Name From Danish Words 'Play Well' Lego
54%
English City Home To England's Oldest University Oxford
54%
Food Also Known As Bean Curd Tofu
54%
Mountain Range Forming The Border Between Asia and Europe Ural
54%
Name of 1980's Computer Game In Which An Amphibian Tries To Cross A Busy Road Frogger
46%
No matching quizzes found
Score Distribution
Percent of People with Each Score
Percentile by Number Answered
Your Score History
You have not taken this quiz